Tyldesley's Oral Medicine / (Record no. 33909)
[ view plain ]
| 000 -LEADER | |
|---|---|
| fixed length control field | 00579nam a22001937a 4500 |
| 005 - DATE AND TIME OF LATEST TRANSACTION | |
| control field | 20250731151841.0 |
| 008 - FIXED-LENGTH DATA ELEMENTS--GENERAL INFORMATION | |
| fixed length control field | 231016b |||||||| |||| 00| 0 eng d |
| 020 ## - INTERNATIONAL STANDARD BOOK NUMBER | |
| ISBN | 9780192631473 |
| 082 ## - DEWEY DECIMAL CLASSIFICATION NUMBER | |
| Classification number | 616.31 |
| Item number | FIE-T |
| 100 ## - MAIN ENTRY--AUTHOR | |
| Author Name | Field, E. Anne |
| 245 ## - TITLE STATEMENT | |
| Title | Tyldesley's Oral Medicine / |
| Remainder of title | Anne Field, Lesley Longman, |
| 250 ## - EDITION STATEMENT | |
| Edition statement | 5th ed. |
| 260 ## - PUBLICATION, DISTRIBUTION, ETC. | |
| Name of publisher, distributor, etc. | Oxford University Press: |
| Date of publication, distribution, etc. | 2003. |
| 300 ## - PHYSICAL DESCRIPTION | |
| Pages | 243 p: |
| 500 ## - GENERAL NOTE | |
| General note | Printed in Pakistan.Include Index. |
| 650 ## - SUBJECT ADDED ENTRY--TOPICAL TERM | |
| Subject / Department | Dentistry/Medical |
| 700 ## - ADDED ENTRY--PERSONAL NAME | |
| Personal name | Lesley Longman |
| 300 ## - PHYSICAL DESCRIPTION | |
| -- | xi, : illustrations (some color) ; . |
| -- | 28 cm. |
| 952 ## - LOCATION AND ITEM INFORMATION (KOHA) | |
| -- | 0 |
| -- | 0 |
| 952 ## - LOCATION AND ITEM INFORMATION (KOHA) | |
| -- | 0 |
| -- | 0 |
| 952 ## - LOCATION AND ITEM INFORMATION (KOHA) | |
| -- | 0 |
| -- | 0 |
| 952 ## - LOCATION AND ITEM INFORMATION (KOHA) | |
| -- | 0 |
| -- | 0 |
| 952 ## - LOCATION AND ITEM INFORMATION (KOHA) | |
| -- | 0 |
| -- | 0 |
| 952 ## - LOCATION AND ITEM INFORMATION (KOHA) | |
| -- | 0 |
| -- | 0 |
| 952 ## - LOCATION AND ITEM INFORMATION (KOHA) | |
| -- | 0 |
| -- | 0 |
| -- | 6250.00 |
| 952 ## - LOCATION AND ITEM INFORMATION (KOHA) | |
| -- | 0 |
| -- | 0 |
| -- | 6250.00 |
| 952 ## - LOCATION AND ITEM INFORMATION (KOHA) | |
| -- | 0 |
| -- | 0 |
| -- | 6250.00 |
| Lost status | Damaged status | Collection code | Permanent Location | Current Location | Shelving Location | Date acquired | Full Call Number | Accession No./Barcode | Date last seen | Copy number | item type | Koha item type | Source of acquisition |
|---|---|---|---|---|---|---|---|---|---|---|---|---|---|
| Medical | Superior Information Resource Center (SIRC) Superior University- Main Campus | Superior Information Resource Center (SIRC) Superior University- Main Campus | Dentistry | 10/16/2023 | 616.31 FIE-T 2003 | 20837 | 08/05/2025 | 1 | BOOK | ||||
| Medical | Superior Information Resource Center (SIRC) Superior University- Main Campus | Superior Information Resource Center (SIRC) Superior University- Main Campus | Dentistry | 10/16/2023 | 616.31 FIE-T 2003 | 20838 | 03/28/2024 | 2 | BOOK | ||||
| Medical | Superior Information Resource Center (SIRC) Superior University- Main Campus | Superior Information Resource Center (SIRC) Superior University- Main Campus | Dentistry | 10/16/2023 | 616.31 FIE-T 2003 | 20839 | 10/16/2023 | 3 | |||||
| Medical | Superior Information Resource Center (SIRC) Superior University- Main Campus | Superior Information Resource Center (SIRC) Superior University- Main Campus | Dentistry | 11/06/2024 | 616.31 FIE-T 2003 | 29753 | 04/08/2025 | 4 | BOOK | BOOK | |||
| Medical | Superior Information Resource Center (SIRC) Superior University- Main Campus | Superior Information Resource Center (SIRC) Superior University- Main Campus | Dentistry | 11/06/2024 | 616.31 FIE-T 2003 | 29754 | 08/05/2025 | 5 | BOOK | BOOK | |||
| Medical | Superior Information Resource Center (SIRC) Superior University- Main Campus | Superior Information Resource Center (SIRC) Superior University- Main Campus | Dentistry | 11/06/2024 | 616.31 FIE-T 2003 | 29755 | 11/06/2024 | 6 | BOOK | BOOK | |||
| Superior Information Resource Center (SIRC) Superior University- Main Campus | Superior Information Resource Center (SIRC) Superior University- Main Campus | BDS-Dentistry | 07/31/2025 | 616.31 FIE-T 2003 | 20182 | 07/31/2025 | 7 | BOOK | BOOK | Imperial book company | |||
| Superior Information Resource Center (SIRC) Superior University- Main Campus | Superior Information Resource Center (SIRC) Superior University- Main Campus | BDS-Dentistry | 07/31/2025 | 616.31 FIE-T 2003 | 20183 | 07/31/2025 | 8 | BOOK | BOOK | Imperial book company | |||
| Superior Information Resource Center (SIRC) Superior University- Main Campus | Superior Information Resource Center (SIRC) Superior University- Main Campus | BDS-Dentistry | 07/31/2025 | 616.31 FIE-T 2003 | 20184 | 07/31/2025 | 9 | BOOK | BOOK | Imperial book company |
